| 000 | 00347cam a22001217a 4500 | ||
|---|---|---|---|
| 008 | 180718b1961 xxu||||| |||| 00| 0 eng d | ||
| 082 | _aT000x6 D54 | ||
| 100 | _aDia, Mamadou | ||
| 245 |
_aThe African natioins and world solidarity _cby Mamadou Dia |
||
| 260 |
_aNew York _bPraeger _c1961 |
||
| 300 | _a145p. | ||
| 650 | _aEconomic Assistance in Africa | ||
| 999 |
_c363952 _d363952 |
||